Development and field evaluation of a cardamom polishing machine (Record no. 15063)
[ view plain ]
| 000 -LEADER | |
|---|---|
| fixed length control field | 00791nam a22001697a 4500 |
| 003 - CONTROL NUMBER IDENTIFIER | |
| control field | OSt |
| 088 ## - REPORT NUMBER | |
| Report number | T 103 |
| 100 ## - MAIN ENTRY--AUTHOR NAME | |
| Personal name | ANU RAY MATHEW |
| 245 ## - TITLE STATEMENT | |
| Title | Development and field evaluation of a cardamom polishing machine |
| 260 ## - PUBLICATION, DISTRIBUTION, ETC. (IMPRINT) | |
| Place of publication | Tavanur 1999 |
| Name of publisher | Kelappaji College of Agricultural Engineering and Technology |
| 300 ## - PHYSICAL DESCRIPTION | |
| Number of Pages | 96 |
| 500 ## - GENERAL NOTE | |
| General note | Development and field evaluation of a cardamom polishing machine |
| 520 ## - SUMMARY, ETC. | |
| Summary, etc | This study showed that the parameters drumspeed, feed/batch and retention time had significant influence on cleaning efficiency, s[lit percentage and energy consumption. The physical properties of cardamom along with their dependence on moisture content were also studied. |
| 700 ## - ADDED ENTRY--PERSONAL NAME | |
| Personal name | Prof. C. P Muhammad (Guide) |
| 942 ## - ADDED ENTRY ELEMENTS (KOHA) | |
| Koha item type | Theses |
| Collection code | Home library | Current library | Shelving location | Full call number | Accession Number | Koha item type | Public note |
|---|---|---|---|---|---|---|---|
| Reference | KAUAET | KAUAET | Reference | 631.3 ANU/DE | T 103 | Theses | M.Tech Thesis |
